Pays frontalier du Tchad - Mort subite - Statistiques

Statistiques générales
  • Ce quiz a été pris 148 fois
  • Le résultat moyen est 3 sur 6
Answers on the Grid
Answers color-coded by a green-red scale on the quiz's grid according to % correct below.
Libye
Soudan du Sud
Soudan
Algérie
Niger
République du Congo
Nigeria
Guinée équatoriale
Cameroun
République centrafricaine
Egypte
Gabon
 
Statistiques - réponses
Réponse % Correct
Soudan
64%
Libye
62%
Niger
56%
République centrafricaine
47%
Nigeria
33%
Cameroun
21%
Aucun quiz correspondant
Distribution des résultats
% des personnes avec chaque résultat
Percentile par nombre de réponses
Votre historique - résultats
Vous n’avez pas pris ce quiz